[Event "Dos Hermanas 10th"]
[Site "Dos Hermanas"]
[Date "1999.04.14"]
[Round "7"]
[White "Karpov, Anatoly"]
[Black "Gelfand, Boris"]
[Result "1/2-1/2"]
[WhiteElo "2710"]
[BlackElo "2691"]
[Annotator "Ribli,Z"]
[PlyCount "82"]
[EventDate "1999.04.06"]
[EventType "tourn"]
[EventRounds "9"]
[EventCountry "ESP"]
[EventCategory "19"]
[SourceTitle "CBM 071"]
[Source "ChessBase"]
[SourceDate "1999.08.01"]
[SourceVersion "1"]
[SourceVersionDate "1999.08.01"]
[SourceQuality "1"]

{[%mdl 36]} 1. d4 Nf6 2. c4 e6 3. Nf3 d5 4. g3 dxc4 5. Bg2 a6 6. O-O Nc6 {
Diese Variante ist sehr populär in der Großmeisterpraxis. Schwarz spielt nicht
sofort 6...b5 (das ist eine andere Hauptvariante), wonach Weiß 7.Ne5 zieht und
eine komplizierte Stellung entsteht. Nach dem Textzug kann Schwarz die
Entwicklung des Damenflügels mit ...Rb8 / ...b5 oder ...Bd7 / ...b5 beenden.
Ribli.} 7. e3 Bd7 8. Qe2 (8. Nc3 Rb8 $5 (8... Bd6) (8... Nd5 9. Qe2 Nxc3 10.
bxc3 Bd6 11. Rd1 b5 12. Ne5 $1)) 8... b5 9. Nc3 (9. Rd1 Be7 10. Nc3 Nd5 11. e4
(11. a4 $6 O-O 12. axb5 Nxc3 13. bxc3 axb5 14. Rxa8 Qxa8 $15) 11... Nxc3 12.
bxc3 $13) 9... Bd6 10. e4 {Schwarz hat einen Mehrbauern, aber die weiße
Zentrumsstellung ist stark.} Be7 {Gelfand spielt die alte Fortsetzung. Der
Tempoverlust ist nicht schlimm und Weiß hat schon auch ein Tempo mit e3 und
späterem e4 verloren.} (10... e5 $5 11. dxe5 Nxe5 12. Nxe5 Bxe5 13. f4 Bxc3 14.
bxc3 c6 15. f5 O-O 16. Bg5 h6 17. Bh4 Qb6+ 18. Kh1 Nh7 19. Rad1 Qc7 20. e5 Rae8
{1/2-1/2 Tkachiev,V-Beliavsky,A/Enghien-les-Bains 1999/CBM 70_07 (35)}) 11. d5
{Weiß nutzt die Zeit und verjagt den Springer von c6.} (11. Bg5 O-O 12. Rad1
$44 Rb8 13. Rfe1 Re8 14. Ne5 h6 15. Be3 Nxe5 16. dxe5 Nh7 17. Qg4 Kh8 18. f4
Qc8 19. Qh5 Kg8 20. g4 $36 {1-0 Orlov,G-Shneider,A/Podolsk 1989/EXT 97 (42)}) (
11. Rd1 O-O 12. Bg5 Rb8 13. d5 exd5 14. Nxd5 $44) 11... Nb4 {[%cal Gb4d3]} 12.
Ne5 {[%cal Ge5d3] Weiß verhindert ...Nd3.} (12. dxe6 Bxe6 13. Rd1 Qc8 $15)
12... exd5 $5 (12... O-O 13. a3 Nd3 14. Nxd3 {Jetzt Schwarz kann nicht mit 14..
.Bg4! antworten (siehe 16.Zug).} cxd3 15. Qxd3 $14) 13. exd5 O-O 14. a3 {
Auf diese Weise gewinnt Weiß den Bauern zurück.} Nd3 15. Nxd3 Bg4 $1 {Ein
guter Zwischenzug. Weiß muß Zeit verlieren.} (15... cxd3 16. Qxd3 $14) 16. Qe3
{In der Stammpartie Aseev,K - Sweschnikov,E spielte Weiß 16.Qc2, aber nach 16..
.cxd3 17.Qxd3 haben wir unsere Partiestellung.} cxd3 17. Qxd3 Qd7 18. Bf4 {
[%csl Yc6,Gd5] Weiß entfaltet positionellen Druck am Damenflügel und das Feld
c6 ist ein positionelles Loch in der schwarzen Stellung.} (18. Re1 Rfe8 19. Qf1
Bd6 20. Rxe8+ Rxe8 21. Bd2 Be5 22. Re1 c6 23. Qd3 Bf5 24. Qf3 Bg4 25. Qd3 {
0-1 Aseev,K-Sveshnikov,E/Tashkent 1984/MCD (37)}) (18. d6 $2 Rae8 $17 {[%csl
Rd3,Rd6][%cal Gd7d3]}) 18... Bd6 {Früher oder später muß Schwarz den d-Bauern
blockieren.} 19. Bxd6 (19. Bg5 Bf5 20. Qd4 Ng4 $11) 19... Qxd6 (19... cxd6 $5
$11) 20. h3 Bd7 21. Ne4 Nxe4 22. Qxe4 $14 {[%csl Yc6,Rc7] Weiß hat leichten
positionellen Vorteil, denn der Bauer c7 ist eine potentielle Schwäche und der
gut verteidigte d-Bauer sichert Weiß Raumvorteil.} Rfe8 23. Qc2 {[%cal Gc2c7]}
h5 $5 24. Rac1 {[%cal Rc1c7]} Rac8 25. h4 {Weiß legt den schwarzen h-Bauern
fest.} (25. Rfd1 h4 $132) 25... a5 {Aktive Verteidigung. Schwarz möchte die
Bauern am Damenflügel tauschen.} 26. Rfd1 b4 27. axb4 Qxb4 $5 {[%cal Rd7a4,
Ra4d1] Nach diesem Zug kann Schwarz die halboffene b-Linie benutzen.} (27...
axb4) 28. Qd2 Qb6 $1 {[%csl Gb6] Schwarz tauscht nicht die Damen. Das ist eine
richtige Entscheidung. Im folgenden kann Schwarz mit ...Rb8 Gegenspiel in der
b-Linie bekommen.} (28... Qxd2 29. Rxd2 $14 {[%cal Gc1c5,Gc5a5,Gd2c2,Gc2c7]})
29. Bf3 g6 30. Rc3 {[%cal Gd1c1,Gc1c7]} Rb8 {[%cal Gb8b2]} 31. b3 Qd6 32. Rdc1
c6 $11 {[%cal Gd6d2] Auf diese Weise wird Schwarz die Schwäche c7 los.} 33. Rd3
Bf5 (33... cxd5 34. Rxd5 {[%csl Rd7]} Qf6 {[%csl Rf3]} 35. Bxh5 (35. Rxd7 Qxf3
$11) 35... Be6 36. Rg5 {[%cal Gg5g8]} Rxb3 37. Qxa5 $14 {Weiß hat theoretische
Gewinnchancen, aber wegen den reduzierten Materials sollte normalerweise für
Schwarz nichts schiefgehen.}) 34. Rxc6 Qa3 {[%csl Rb3,Rd3][%cal Rf5d3,Rb8b3]}
35. Rdc3 (35. Re3 Rxe3 36. Qxe3 Rxb3 $11) 35... Rxb3 36. d6 {[%csl Gd6]} (36.
Rxb3 Qxb3 $11) 36... Rxc3 37. Qxc3 (37. Rxc3 Qb4 $132 {[%cal Gb4d2] Der weiße
d-Bauer ist scheinbar gefährlich, aber in Wirklichkeit hat Weiß nichts
konkretes.}) 37... Qxc3 38. Rxc3 Rd8 39. Rc6 (39. Ra3 Rxd6 40. Rxa5 $11) 39...
Be6 {[%cal Ga5a4,Ga4a3,Ga3a2]} 40. Rb6 (40. Ra6 Bc4 $11) 40... a4 {Der
schwarze a-Bauer ist ebenso gefährlich wie der weiße d-Bauer.} 41. Ra6 a3 {
Und die Spieler einigten sich auf Remis.} (41... a3 42. Rxa3 Rxd6 $11) 1/2-1/2

[Event "NED-ch54"]
[Site "Rotterdam "]
[Date "1999.05.31"]
[Round "3"]
[White "Janssen, Ruud"]
[Black "Piket, Jeroen"]
[Result "0-1"]
[WhiteElo "2445"]
[BlackElo "2619"]
[Annotator "Ribli,Z"]
[PlyCount "76"]
[EventDate "1999.05.29"]
[EventType "tourn"]
[EventRounds "11"]
[EventCountry "NED"]
[EventCategory "12"]
[SourceTitle "CBM 072"]
[Source "ChessBase"]
[SourceDate "1999.10.01"]
[SourceVersion "1"]
[SourceVersionDate "1999.10.01"]
[SourceQuality "1"]

{[%mdl 520]} 1. Nf3 {Piket} d5 2. c4 e6 3. d4 Nf6 4. g3 dxc4 {Das ist die
Grundstellung der offenen Katalanischen Eröffnung.} 5. Bg2 a6 6. O-O Nc6 {
Eine heutzutage sehr populäre Variante. Schwarz verteidigt nicht den c4-Bauern
mit sofortigem ...b7-b5, sondern entwickelt zuerst den Springer.} 7. e3 Bd7 8.
Qe2 (8. Nc3 $5 {Piket}) 8... b5 9. Ne5 {Ein direkter Zug. Weiss öffnet sofort
die Diagonale des g2-Läufers. Meines Erachtens bieten die Alternativen 9.Rd1
oder 9.Nc3 dem Weissen bessere Chancen als die Partiefortsetzung und
dauerhafte Kompensation für den Bauern.} (9. Rd1 Be7 10. e4 O-O 11. Nc3 Bb4 12.
Bg5 Bxc3 13. bxc3 h6 14. Bf4 Ne7 15. Ne5 c6 16. g4 Be8 17. Bc1 Nd7 18. Ba3 Nb6
19. f4 Na4 20. Qc2 Qc7 21. Nxc4 c5 22. Nb2 b4 23. Nxa4 bxa3 24. e5 Rb8 25. Nxc5
Rb2 $44 {0-1 Tratar,M-Beliavsky,A/Nova Gorica 1999/CBM 68 ext (32)}) (9. Bd2
Be7 10. Rc1 O-O 11. b3 cxb3 12. axb3 Nd5 13. Nc3 Nxc3 14. Bxc3 Qb8 15. h4 Qb6
16. Ng5 a5 17. d5 exd5 18. Bxd5 $36 {1-0 Kachiani Gersinska,K-Wells,P/Germany
1997/GER-chT (32)}) 9... Nxe5 $5 $146 {'!' Piket. Das Motiv ist bekannt von
anderen Varianten, aber in dieser konkrete Stellung ein neuer Zug. Schwarz
opfert die Qualität, gegen die Schlüsselfigur des Weissen, den g2-Läufer.} (
9... Nd5 {Piket} 10. Nxd7 $5 (10. Rd1) 10... Qxd7 11. Rd1 Be7 12. b3 (12. e4
Ndb4 13. d5 Ne5) 12... cxb3 13. axb3 O-O 14. e4 Nb6 15. d5 Nb4 $44) 10. Bxa8 (
10. dxe5 $2 Nd5 $17 (10... Nd5 {Piket} 11. Rd1 c6 12. b3 cxb3 13. axb3 Qc7))
10... Qxa8 11. dxe5 Ne4 $44 {Schwarz hat einen Bauern für die Qualität und
starke Kontrolle über die weissen Felder. Der Bauer e5 ist schwach.} 12. a4 $6
{Weiss möchte die a-Linie öffnen, aber er schwächt das Feld b3 und in der
a-Linie gibt es nichts Konkretes.} (12. f3 Nc5 13. e4 (13. Nc3) 13... Nd3 $44 (
13... Be7 {Piket} 14. Be3 O-O 15. Rd1 Qc6 $44)) 12... Qb7 (12... bxa4 {Piket}
13. Nc3 Bb4 (13... Nxc3 14. bxc3 Bb5 15. e4 Qc6 16. Rd1 Bc5 17. Ba3 O-O 18.
Bxc5 Qxc5 19. Qd2 $13) 14. Bd2 $132) 13. axb5 axb5 14. f3 (14. Nc3 Nc5 $44 (
14... Nxc3 15. bxc3 Bc5 16. Ba3 Bxa3 17. Rxa3 O-O 18. f3 $14)) 14... Nc5 15. e4
Nb3 {[%csl Gb3]} 16. Ra2 Nxc1 (16... Bc5+ 17. Be3 $14) 17. Rxc1 Bc5+ {[%csl
Gc5,Gd7] Schwarz besitzt das Läuferpaar und eine aktive Stellung. Es ist nicht
leicht für Weiss, seine Figuren zu koordinieren.} 18. Kg2 Bd4 {[%csl Gd4]} 19.
Qd2 (19. Nc3 {Piket} O-O 20. Qd2 c5 {- 19. Qd2}) 19... c5 $1 $15 {Schwarz
festigt seine Läuferstellung. Das ist viel sicherer als den e-Bauern
anzunehmen.} (19... Bxe5 20. Rd1 {[%csl Rd7][%cal Rd1d8]} Bd6 21. e5 Bc6 22.
exd6 Bxf3+ 23. Kg1 Bxd1 24. d7+ $13) 20. Nc3 (20. Qa5 {Piket} O-O (20... Ke7 $5
) 21. Qa7 Qc8 22. Rd1) 20... O-O (20... Bxe5 21. Rca1 Bc6 22. Ra7 $36) 21. Rca1
Bc6 {Schwarz kontrolliert die wichtigsten Punkte und der e5-Bauer ist kaum zu
halten.} 22. Ra7 Qb8 23. R7a6 Qc7 {Natürlich möchte Schwarz nicht die Züge mit
23...Qb7 wiederholen.} 24. R1a5 {'!' Piket.} Rb8 25. Qg5 $6 (25. Ra7 $15) (25.
Qf4 $142 {Piket} Bxe5 (25... h6 26. Ra7 Rb7 27. Ra8+ Kh7 28. Nd5 $6 (28. R5a6
$5) 28... Qxe5) 26. Rxc6 Bxf4 27. Rxc7 Bxc7 28. Rxb5 Rxb5 29. Nxb5 Be5 30. Na3
Bxb2 31. Nxc4 Bd4 32. g4 $15) 25... h6 {'-/+' Piket.} 26. Qh5 $6 {In
Wirklichkeit steht die Dame keineswegs besser auf h5 als auf d2, aber es ist
für Weiss nicht leicht, Gegenspiel zu entwickeln.} b4 (26... Bxe5 $4 27. Rxc6
Qxc6 28. Qxe5) 27. Ra7 (27. Nd1 Bb7 28. Ra7 Bxe5 $17) (27. Ne2 {Piket} c3 (
27... Bb7 $1 $19) 28. bxc3 bxc3 29. Nxd4 (29. Ra7) 29... cxd4 30. Rc5 Rb6 31.
Ra8+ Kh7) 27... Rb7 28. Ra8+ (28. Rxb7 $2 Bxb7 $19 {[%cal Rc7a5,Rb4c3]}) 28...
Kh7 (28... Rb8 29. R5a7 $16) 29. Nd5 {'!?' Piket. Weiss fischt im Trüben.} (29.
Ne2 Bxb2 30. Rxc5 b3 31. Rxc4 Bxe5 {[%csl Gb3]} 32. Rxc6 Qxc6 33. Qxe5 Qc2 $19
{[%csl Gb3,Re2,Rg2][%cal Rb3b2,Rb2b1,Rc2g2]}) 29... Qxe5 $1 $17 {'[]' Piket.} (
29... exd5 $2 30. Qf5+ g6 31. Qf6 Rb8 32. Rxb8 Qxb8 33. Qxf7+ Kh8 34. Ra7 $18)
(29... Qd7 {Piket} 30. Qxh6+ $3 Kxh6 (30... gxh6 31. Nf6+ Kg6 32. Rg8#) 31.
Rh8+ Kg5 (31... Kg6 32. Nf4+ Kg5 33. h4#) 32. h4+ Kg6 33. Nf4#) 30. Qxe5 Bxe5
31. Ne3 (31. Rxc5 Bxd5 (31... exd5 {Piket} 32. Rxc6 Bxb2 33. exd5 c3 34. d6 b3
35. Rc7 (35. Rac8 c2) 35... c2 $19) 32. exd5 exd5 33. Rxd5 Bxb2 $19 {[%csl Gb4,
Gc4] Mit zwei verbundenen Freibauern steht Schwarz auf Gewinn.}) 31... c3 32.
b3 (32. bxc3 b3 33. Ra1 Bxc3 34. Rb1 Bd4 35. Nc4 Rb4 $19 {[%cal Rc6a8,Rb4c4]})
32... Bd4 33. Nc2 e5 {'-+' Piket. Die schwarze Bauernkette mit dem d4-Läufer
steht ausgezeichnet.} 34. Kf1 Bb5+ 35. Ke1 Bd3 36. Kd1 (36. Nxd4 cxd4 {[%csl
Gb4,Gc3,Gd3,Gd4]} 37. Rxe5 Bc2 $19 {[%cal Rd4d3,Rd3d2,Rd2d1,Rc2b3]}) 36... c4
$1 $19 {Der entscheidende Durchbruch. Die schwarze Bauernmasse gewinnt die
Partie.} 37. Ne1 c2+ $1 38. Nxc2 cxb3 {Piket: '39. Nxd4 b2' Weiss gab in
hoffnungsloser Stellung auf.} (38... cxb3 39. Nxd4 b2 $19) 0-1

[Event "Dortmund SuperGM 33rd"]
[Site "Dortmund"]
[Date "2005.07.15"]
[Round "7"]
[White "Nielsen, Peter Heine"]
[Black "Naiditsch, Arkadij"]
[Result "0-1"]
[WhiteElo "2668"]
[BlackElo "2612"]
[Annotator "Ribli,Z"]
[PlyCount "116"]
[EventDate "2005.07.07"]
[EventType "tourn"]
[EventRounds "9"]
[EventCountry "GER"]
[EventCategory "19"]
[SourceTitle "CBM 108"]
[Source "ChessBase"]
[SourceDate "2005.09.26"]
[SourceVersion "1"]
[SourceVersionDate "2005.09.26"]
[SourceQuality "1"]

1. Nf3 Nf6 2. c4 e6 3. g3 d5 4. d4 dxc4 5. Bg2 Nc6 (5... a6 6. O-O Nc6 7. Nc3
Rb8 8. e4 b5 9. d5 Nb4 10. b3 cxb3 11. Qxb3 c5 12. dxc6 Nxc6 13. Bf4 Rb7 14. e5
Nd7 15. Ne4 Na5 16. Qc3 Qc7 {1/2-1/2 Nielsen,P-Van Wely,L/Dortmund 2005/CBM
108 (49)}) 6. Qa4 Nd7 {Dieser Springerzug wird heutzutage selten gespielt -
die Variante 6...Bb4+ ist populärer.} (6... Bb4+ 7. Bd2 Bd6 8. Ne5 Bxe5 9.
Bxc6+ bxc6 10. dxe5 Nd7 $1 11. f4 Nb6 12. Qc2 Qd4 13. Nc3 O-O 14. Ne4 Nd5 15.
O-O-O Rb8 16. Rhe1 h6 17. e3 Qb6 18. a3 c5 19. Nc3 {1/2-1/2 Nielsen,
P-Rasmussen,K/Danmark (ch) 2003/(19)}) 7. Qxc4 Nb6 8. Qb5 {Eine interessante
Idee, die zuerst in der Partie Tkachiev,V - David,A Aubervilliers 2003
gespielt wurde. Weiß möchte mit dem Damenzug die Schwächung des schwarze
Damenflügels mit a7-a6 provozieren.} (8. Qd3) 8... Bd7 $5 $146 {[%mdl 4] Ein
ganz logischer Entwicklungszug, der trotzdem eine theoretische Neuerung
darstellt.} (8... a6 9. Qd3 e5 10. Be3 exd4 11. Nxd4 Nxd4 12. Qxd4 Qxd4 13.
Bxd4 Bb4+ 14. Nc3 O-O 15. O-O-O Nc4 16. Nd5 Bd6 17. Bc3 Re8 18. Rd4 Ne5 19. Nb6
$1 $36 {1-0 Avrukh,B-Berg,E/Bajada de la Virgen 2005/CBM 106 ext (48)}) (8...
Qd5 9. Nc3 Bb4 10. Qd3 e5 11. O-O Bxc3 12. Nxe5 Qxd4 13. Nxc6 Qxd3 14. exd3 Bf6
15. Re1+ Kf8 16. Bd2 g5 17. Na5 c6 18. Bc3 Bxc3 19. bxc3 Rb8 20. c4 {1/2-1/2
Tkachiev,V-David,A/Aubervilliers 2003/(56)}) (8... Bb4+ 9. Nc3 Qd5) 9. Qb3 {
Weiß hat viele Tempi durch seine Damenzüge verloren.} Na5 10. Qc2 (10. Qc3 Nd5
$1 11. Qxa5 $4 Bb4+ $19) 10... Rc8 {[%cal Gc7c5]} 11. O-O (11. Bd2 $5 Nbc4 (
11... Nac4 12. Ne5) 12. Bc3 $1) 11... c5 $11 12. Nc3 (12. Bg5 $5) 12... cxd4
13. Nxd4 Bb4 {[%cal Gc8c2]} 14. Qe4 $6 (14. Nb3 $5) (14. Qd3 $5) 14... Bxc3 15.
bxc3 O-O {[%csl Rc3] Weiß besitzt das Läuferpaar, aber die schwarze
Bauernstruktur ist gesund und der c3P eine ewige Schwäche in der weißen
Stellung.} 16. Rd1 $2 Bc6 $1 {[%cal Gd8d1,Gc6g2] Der Nd4 ist gefesselt, sodass
Schwarz den katalanischen Läufer tauschen kann.} 17. Qg4 Bxg2 18. Kxg2 f5 $1
19. Qh5 (19. Qf3 e5 20. Ba3 exd4 21. Rxd4 Qc7 22. Bxf8 Rxf8 $17) 19... Qd5+ (
19... e5 $6 20. Nc6 $1 Qxd1 21. Ne7+ Kh8 22. Ng6+ Kg8 23. Ne7+ $11) 20. Qf3 (
20. Kg1 e5) (20. f3 Na4) 20... Rfe8 {[%csl Rc1,Rc3,Yc4,Gd5] Schwarz besitzt
eine starke Kontrolle über die weißen Felder und der Bc1 hat keine guten
Perspektiven.} 21. Qxd5 Nxd5 $17 22. Nb5 Nc4 23. Rd4 (23. Nxa7 $2 Rc5 $19 {
[%csl Ra7]}) 23... a6 24. Na3 (24. Rxc4 Rxc4 25. Nd6 Rec8 26. Bd2 b5 $17) 24...
Nxa3 25. Bxa3 Rxc3 {Schwarz hat einen Bauern mehr, Weiß keine Kompensation.}
26. Bd6 $5 {[%csl Gd6][%cal Gd6e5] Endlich kann Weiß seinen Läufer aktivieren.}
Rc2 27. Kf1 Rec8 28. a4 Rc1+ 29. Rxc1 Rxc1+ 30. Kg2 Kf7 {[%mdl 4096]} 31. e4 $1
$138 {Weiß verteidigt sich gut - mit dem Textzug reduziert er Material und
verstärkt seine Verteidigungsstellung.} fxe4 32. Rxe4 b5 33. axb5 axb5 34. Re2
{[%cal Ge2b2,Gb2a2,Ga2a7] Weiß aktiviert den Turm und droht 35.Rb2 oder 35.Ra2.
} b4 35. Ra2 $1 (35. Rb2 Rc4 $17) 35... b3 36. Ra7+ Kf6 37. Rb7 {[%csl Gb7]
[%cal Gb7h7,Gb7b3] In schlechterer Stellung konnte Weiß den Turm aktivieren:
er kontrolliert den b-Bauern und gleichzeitig die Bauern am Königsflügel.} Rc6
38. Ba3 Rb6 39. Bb2+ e5 40. Rd7 $1 Rb5 41. Kf3 {[%csl Gb2,Gd7,Gf3] Weiß
organisiert seine Verteidigung gut, während Schwarz große Schwierigkeiten mit
der Verwertung des Materialsvorteils hat.} (41. f4 $2 Ne3+ 42. Kf2 Nc4 $19)
41... Nb6 42. Rb7 h5 43. Ke2 Kf5 44. h4 Ke4 45. f3+ Kd5 46. Kd3 g6 47. Rb8 $6 (
47. Re7 $142 Kd6 48. Ba3+ Kc6 49. Re6+ Kd7 50. Rd6+ Kc7 51. Rxg6 b2 52. Bxb2
Rxb2 53. Rg5 $15) 47... Ke6 48. g4 $6 (48. Re8+ $142 Kf6 49. Rf8+ Ke7 50. Rb8
$15) 48... Kd5 49. Rb7 (49. gxh5 $142 gxh5 50. Re8) 49... hxg4 $1 50. fxg4 e4+
$19 {[%csl Gb3,Ge4] Jetzt hat Schwarz schon zwei Freibauern.} 51. Ke2 Rc5 (
51... Kc6) 52. Rxb6 Rc2+ 53. Ke3 Rxb2 54. Rxg6 (54. h5 gxh5 55. gxh5 Rh2 56. h6
Rh3+ 57. Kf4 Kc5 58. Rb7 Kc4 59. Rc7+ Kd3 60. Rb7 Kc2 61. Rc7+ Kb1 (61... Kd2
62. Rb7 Rxh6 $19) 62. Rb7 b2 63. h7 e3 (63... Kc2 64. Rc7+ Kd2 65. Rb7) 64. Kg4
Rh2 (64... e2 65. Kxh3 e1=Q 66. Rxb2+ $1 $11 (66. h8=Q $4 Qh1+ $19)) 65. Kg3 (
65. Kf3 e2 $1 $19) 65... Rh6 66. Kf3 Kc2 67. Rc7+ Kb3 68. Rb7+ Kc3 69. Rc7+ Kd4
70. Rd7+ Kc5 71. Rb7 e2 $1 72. Kxe2 Rxh7 73. Rb8 Rh1 $1 $19) 54... Rb1 {
Mit zwei Freibauern gewinnt Schwarz leicht - die weißen verbundenen Freibauern
sind am Königsflügel dagegen sehr langsam.} 55. Rg5+ Ke6 56. Rb5 b2 57. Kd2 e3+
58. Kc2 e2 0-1

[Event "EU-ch 6th"]
[Site "Warsaw"]
[Date "2005.06.18"]
[Round "1"]
[White "Aronian, Levon"]
[Black "Portisch, Lajos"]
[Result "1-0"]
[WhiteElo "2693"]
[BlackElo "2525"]
[Annotator "Ribli,Z"]
[PlyCount "65"]
[EventDate "2005.06.18"]
[EventType "swiss"]
[EventRounds "13"]
[EventCountry "POL"]
[SourceTitle "CBM 108"]
[Source "ChessBase"]
[SourceDate "2005.09.26"]
[SourceVersion "1"]
[SourceVersionDate "2005.09.26"]
[SourceQuality "1"]

1. d4 Nf6 2. c4 e6 3. Nf3 d5 4. g3 dxc4 5. Bg2 Nbd7 {Diese Variante wird
heutzutage selten gespielt. Die üblichen Fortsetzungen sind 5...c5, 5...a6 und
5...Nc6.} 6. O-O {Dieser Zug ist eigentlich ein Bauernopfer. Stattdessen kann
Weiß mit 6.Qa4 fortsetzen, und mit Zugumstellung zur Variante 5.Qa4+ Nbd7
überleiten.} c6 (6... c5 7. Na3 Nb6 8. Nxc4 Nxc4 9. Qa4+ $14) 7. a4 a5 (7... b5
8. axb5 cxb5 9. Nc3 Qb6 10. b3 Bb4 11. Na2 Be7 12. bxc4 bxc4 13. Nd2 Nd5 14.
Nxc4) 8. Nc3 (8. Na3 Bxa3 9. bxa3 b5 (9... b6)) 8... Bb4 9. e4 (9. Qc2 O-O 10.
Rd1 (10. Na2 Bd6 11. Qxc4 e5 12. Nc3 exd4 13. Qxd4 Nc5 14. Bf4 Bxf4 15. Qxf4
Qb6 {0-1 Miton,K-Dreev,A/Moscow 2002/ (52)}) (10. e4 $5) 10... Qe7 11. Ne5 (11.
e4 e5 12. h3 Re8 13. d5 Nc5 14. Be3 Nb3 15. Rab1 Bc5 16. Qe2 Bxe3 17. Qxe3 cxd5
18. Nxd5 Nxd5 19. Rxd5 f6 20. Bf1 {1-0 Podzielny,K-Gheng,J/Schwaebisch Gmuend
1997/EXT 98 (54)}) 11... Nb6 $1 12. Bg5 h6 13. Bxf6 Qxf6 14. Ne4 (14. e3 $1 Qe7
15. Qe2 $14) 14... Qe7 15. Nxc4 Nxc4 16. Qxc4 e5 $1 17. d5 cxd5 18. Qxd5 Bg4 $1
19. Nc3 $1 Bxc3 20. bxc3 Rac8 $1 $11 {1/2-1/2 Atalik,S-Zhu Chen/Beijing 1996/
CBM 54 ext (33)}) 9... O-O (9... Bxc3 10. bxc3 Nxe4 11. Qc2 Nd6 12. Ba3 Nf6 13.
Ne5 $44 {1-0 Mihajlovic,V-Kajganovic,M/JUG-cht2 Vrnjacka Banja 1996 (36)}) 10.
Qc2 {Weiß hat einen Bauern weniger, aber eine sehr starke Zentrumstellung.
Hingegen hat Schwarz Probleme mit der Entwicklung des c8-Läufers.} Re8 (10...
h6 11. Rd1 Re8 12. Na2 b5 13. axb5 Bb7 14. bxc6 Bxc6 15. e5 Nd5 16. Qxc4 Rc8
17. Nxb4 Nxb4 18. Qe2 {1-0 Poluljahov,A-Hagurov,N/Krasnodar 1997/EXT 2000 (31)}
) 11. Rd1 Qe7 12. e5 (12. Na2 e5 13. dxe5 Ng4 $11) 12... Nd5 13. Nd2 (13. Ne4
b5) 13... N7b6 14. Nce4 Qc7 (14... f5 $6 15. exf6 gxf6 16. Nxc4 $14) 15. Nxc4
Nxc4 16. Qxc4 $14 {[%csl Rc8,Gd5,Yd6,Ge5] Weiß hat Raumvorteil im Zentrum und
kontrolliert das Feld d6. Anderseits ist der Nd5 sehr stark positioniert, aber
mit der Entwicklung seines Läufers auf c8 hat Schwarz weiterhin große Probleme.
} b6 17. Qc2 {[%cal Ge4g5,Gc2h7,Gc2e2,Ge2h5][%mdl 32] Die Dame stand nicht so
gut auf c4. Aus diesem Grund plant Weiß die Überführung der Dame zum
Königsflügel.} Be7 18. Bg5 (18. Ng5 Bxg5 19. Bxg5 Bb7 $11) 18... Bf8 {Schwarz
muss seinen schwarzfeldrigen Läufer auf dem Brett halten.} (18... Bxg5 $2 19.
Nxg5 $16) 19. Rac1 Bb7 20. Qe2 {[%cal Ge2g4,Gg4g8,Gg4h5] Schwarz muss nun mit
Qh5 oder Qg4 rechnen.} Qd7 21. Qg4 Kh8 22. Qh4 Rac8 23. Nf6 $1 $16 {[%mdl 64]}
Nxf6 (23... gxf6 $142 24. exf6 {[%csl Rh7][%cal Rg2e4,Re4h7]} Ne7 25. fxe7 Bxe7
26. Bf6+ Bxf6 27. Qxf6+ Kg8 28. Qg5+ Kh8 29. Qe5+ Kg8 30. Re1 $16) 24. exf6 c5
{Schwarz möchte endlich seinen b7-Laufer aktivieren, aber es ist zu spät.} (
24... gxf6 25. Bxf6+ Bg7 26. Be4 $18) (24... g6 25. g4 {[%csl Rh8][%cal Gc1c3,
Gc3h3,Gh3h8]}) 25. dxc5 Bd5 26. cxb6 $18 {Weiß hat zwei Bauern mehr und
Angriffschancen am Königsflügel - die schwarze Stellung ist hoffnungslos.} (26.
fxg7+ Bxg7 27. Bf6 Rxc5 28. Rxc5 bxc5 29. Be4 $18) 26... Rxc1 27. Bxc1 {
[%cal Gd1d7]} (27. Rxc1 $6 Bxg2 28. Kxg2 Qb7+ $16) 27... Qc6 28. Bxd5 exd5 29.
Be3 gxf6 (29... Qxf6 30. Qxf6 gxf6 31. Bf4 Re7 32. Bd6 Re8 33. Bc7 $18) 30. Qh5
{[%csl Gb6,Rd5]} Qxa4 31. Qxd5 Re5 32. Qd8 Re8 33. b7 1-0